000
00272nam a22001097a 4500
008
170123b xxu||||| |||| 00| 0 eng d
020
_a
0397541503
041
_a
eng
080
_a
618.2
245
_a
THE LIPPINCOT MANUAL OF NURSING PRACTICE
_c
LIPPINCOT, J.B
942
_2
udc
_c
BK
999
_c
3347
_d
3347